[Event "Keres Memorial rap qual 20th"]
[Site "Tallinn"]
[Date "2011.01.07"]
[Round "4"]
[White "Kovaljov, Denis"]
[Black "Shishkov, Andrei"]
[Result "1-0"]
[WhiteElo "2274"]
[BlackElo "2382"]
[PlyCount "47"]
[EventDate "2011.01.07"]
[EventType "swiss"]
[EventRounds "7"]
[EventCountry "EST"]
[SourceTitle "CBM 140 Extra"]
[Source "ChessBase"]
[SourceDate "2011.03.01"]
[SourceVersion "1"]
[SourceVersionDate "2011.03.01"]
[SourceQuality "1"]

1. d4 d5 2. Nf3 Bf5 3. c4 e6 4. Nc3 c6 5. Qb3 Qb6 6. e3 Nd7 7. Be2 h6 8. 0-0 Ngf6 9. Bd2 Qxb3 10. axb3 Bc2 11. Rfc1 Bxb3 12. c5 b5 13. Bxb5 cxb5 14. Nxb5 Kd8 15. c6 Bc4 16. Ba5+ Kc8 17. cxd7+ Kxd7 18. Ne5+ Ke7 19. Bb4+ Kd8 20. Nxf7+ Kd7 21. Ne5+ Kd8 22. Ba5+ Ke7 23. Ng6+ Ke8 24. Nc7+ 1-0

[Event "EST-ch"]
[Site "Tallinn"]
[Date "2008.04.06"]
[Round "9"]
[White "Kovaljov, Denis"]
[Black "Haitin, Ilja"]
[Result "1-0"]
[WhiteElo "2271"]
[BlackElo "2295"]
[PlyCount "69"]
[EventDate "2008.03.29"]
[EventType "tourn"]
[EventRounds "9"]
[EventCountry "EST"]
[EventCategory "2"]
[SourceTitle "CBM 123 Extra"]
[Source "ChessBase"]
[SourceDate "2008.05.06"]
[SourceVersion "1"]
[SourceVersionDate "2008.05.06"]
[SourceQuality "1"]

1. Nf3 Nf6 2. g3 g6 3. Bg2 Bg7 4. 0-0 0-0 5. c4 d6 6. Nc3 Nc6 7. d3 e5 8. Rb1 a5 9. a3 h6 10. b4 axb4 11. axb4 Be6 12. b5 Ne7 13. Bb2 Nd7 14. Nd2 c6 15. Qb3 Nf5 16. e3 Nc5 17. Qc2 d5 18. cxd5 cxd5 19. Nxd5 Bxd5 20. Qxc5 Bxg2 21. Kxg2 Qxd3 22. Qc3 Qd7 23. Qb4 Rfc8 24. Nf3 Rc2 25. Qe4 Re2 26. Kg1 Ra2 27. Bc1 Nd6 28. Qd5 Qf5 29. Nd2 Raxd2 30. Bxd2 Ne4 31. Be1 h5 32. Qd3 Qf3 33. Rb4 f5 34. Rxe4 fxe4 35. Qd5+ 1-0

[Event "EST-ch"]
[Site "Tallinn"]
[Date "2008.04.02"]
[Round "5"]
[White "Kovaljov, Denis"]
[Black "Valner, Uku"]
[Result "0-1"]
[WhiteElo "2271"]
[BlackElo "2128"]
[PlyCount "70"]
[EventDate "2008.03.29"]
[EventType "tourn"]
[EventRounds "9"]
[EventCountry "EST"]
[EventCategory "2"]
[SourceTitle "CBM 123 Extra"]
[Source "ChessBase"]
[SourceDate "2008.05.06"]
[SourceVersion "1"]
[SourceVersionDate "2008.05.06"]
[SourceQuality "1"]

1. d4 e6 2. g3 Nf6 3. Bg2 c5 4. Nf3 d5 5. 0-0 cxd4 6. Nxd4 e5 7. Nb3 Nc6 8. Bg5 Be6 9. Nc3 d4 10. Ne4 Be7 11. Nxf6+ gxf6 12. Bh6 Rg8 13. Qd3 f5 14. Qb5 Qc7 15. Nc5 Bc8 16. Nd3 Bd6 17. c3 Bd7 18. Qb3 dxc3 19. bxc3 f4 20. e3 Rg6 21. exf4 Rxh6 22. fxe5 Nxe5 23. Nxe5 Bxe5 24. Rfe1 Kf8 25. Bxb7 Rb8 26. Qa3+ Kg7 27. Bd5 Be6 28. Bxe6 Rxe6 29. Rac1 Rbe8 30. Qa4 Bxg3 31. Qxe8 Bxh2+ 32. Kf1 Rxe8 33. Rxe8 Qc6 34. Ree1 Bf4 35. Rc2 Qh1+ 0-1

[Event "EST-ch"]
[Site "Tallinn"]
[Date "2008.04.01"]
[Round "4"]
[White "Sepp, Olav"]
[Black "Kovaljov, Denis"]
[Result "1/2-1/2"]
[WhiteElo "2445"]
[BlackElo "2271"]
[PlyCount "71"]
[EventDate "2008.03.29"]
[EventType "tourn"]
[EventRounds "9"]
[EventCountry "EST"]
[EventCategory "2"]
[SourceTitle "CBM 123 Extra"]
[Source "ChessBase"]
[SourceDate "2008.05.06"]
[SourceVersion "1"]
[SourceVersionDate "2008.05.06"]
[SourceQuality "1"]

1. e4 e6 2. d4 d5 3. e5 c5 4. c3 Qb6 5. Nf3 Nc6 6. a3 Bd7 7. b4 cxd4 8. cxd4 Rc8 9. Bb2 Na5 10. Nbd2 Nc4 11. Nxc4 dxc4 12. Rc1 Qa6 13. d5 exd5 14. Qxd5 b5 15. Be2 Ne7 16. Qd2 Nf5 17. Rd1 Be6 18. Qf4 g6 19. g4 Bh6 20. Ng5 Nh4 21. Qf6 Bxg5 22. Qxg5 Qc6 23. Rg1 Nf3+ 24. Bxf3 Qxf3 25. Rg3 Qh1+ 26. Kd2 Qxh2 27. Bd4 Rd8 28. Ke2 0-0 29. Bc5 Rxd1 30. Kxd1 Qh1+ 31. Kc2 Qe4+ 32. Kc1 Qe1+ 33. Kc2 Bd5 34. Qd2 Be4+ 35. Kc3 Qa1+ 36. Qb2 1/2-1/2

[Event "EST-ch"]
[Site "Tallinn"]
[Date "2008.03.31"]
[Round "3"]
[White "Kovaljov, Denis"]
[Black "Shishkov, Andrei"]
[Result "1/2-1/2"]
[WhiteElo "2271"]
[BlackElo "2379"]
[PlyCount "71"]
[EventDate "2008.03.29"]
[EventType "tourn"]
[EventRounds "9"]
[EventCountry "EST"]
[EventCategory "2"]
[SourceTitle "CBM 123 Extra"]
[Source "ChessBase"]
[SourceDate "2008.05.06"]
[SourceVersion "1"]
[SourceVersionDate "2008.05.06"]
[SourceQuality "1"]

1. d4 Nf6 2. c4 e6 3. Nf3 b6 4. g3 Ba6 5. b3 b5 6. Bg2 bxc4 7. Ne5 Bb4+ 8. Kf1 d5 9. bxc4 0-0 10. c5 Nfd7 11. Nd3 Bxd3 12. Qxd3 Qf6 13. Bb2 Bxc5 14. Nd2 Nc6 15. Nb3 Bb6 16. Bf3 Rad8 17. Kg2 e5 18. dxe5 Ndxe5 19. Qb5 Qd6 20. Rac1 a6 21. Qa4 Nc4 22. Ba1 N6e5 23. Rhd1 Nxf3 24. Rxc4 dxc4 25. Rxd6 Rxd6 26. exf3 cxb3 27. axb3 Rd2 28. Qg4 g6 29. Qf4 Rxf2+ 30. Kh3 f6 31. Bxf6 Rf7 32. Qe5 Rxf3 33. Qe8+ Rf8 34. Qe6+ Rf7 35. Qe8+ Rf8 36. Qe6+ 1/2-1/2

[Event "EST-ch"]
[Site "Tallinn"]
[Date "2008.03.30"]
[Round "2"]
[White "Vorobjov, Pavel"]
[Black "Kovaljov, Denis"]
[Result "0-1"]
[WhiteElo "2127"]
[BlackElo "2271"]
[PlyCount "98"]
[EventDate "2008.03.29"]
[EventType "tourn"]
[EventRounds "9"]
[EventCountry "EST"]
[EventCategory "2"]
[SourceTitle "CBM 123 Extra"]
[Source "ChessBase"]
[SourceDate "2008.05.06"]
[SourceVersion "1"]
[SourceVersionDate "2008.05.06"]
[SourceQuality "1"]

1. e4 g6 2. d4 Bg7 3. Nf3 d6 4. c4 Nf6 5. Nc3 0-0 6. Be2 Nc6 7. 0-0 e5 8. d5 Ne7 9. Ne1 Nd7 10. Be3 f5 11. f3 f4 12. Bf2 g5 13. Nd3 Ng6 14. Rc1 Nf6 15. c5 Rf7 16. cxd6 cxd6 17. Nb5 a6 18. Nc3 Bd7 19. Qb3 g4 20. Qb6 Qf8 21. b4 g3 22. hxg3 fxg3 23. Bxg3 Nh5 24. Bf2 Bh6 25. Be3 Ngf4 26. Nxf4 Nxf4 27. Kf2 Rg7 28. g3 Qf6 29. Rh1 Nh3+ 30. Ke1 Rxg3 31. Kd2 Bxe3+ 32. Qxe3 Rg2 33. Kc2 Kh8 34. Kb3 Nf4 35. Rcg1 Rag8 36. Bf1 Rxg1 37. Rxg1 Rxg1 38. Qxg1 h5 39. b5 axb5 40. Kb4 h4 41. Nxb5 h3 42. Nc7 Qh4 43. Ne6 Bxe6 44. dxe6 h2 45. Qa7 h1Q 46. Qb8+ Kg7 47. Qc7+ Kh6 48. Qf7 Nd5+ 49. Kb3 Qf6 0-1

[Event "EST-chT 21st"]
[Site "Tallinn"]
[Date "2006.03.23"]
[Round "2"]
[White "Soskov, Vjatsheslav"]
[Black "Kovaljov, Denis"]
[Result "1-0"]
[WhiteElo "2337"]
[BlackElo "2239"]
[PlyCount "75"]
[EventDate "2006.03.23"]
[EventType "team"]
[EventRounds "7"]
[EventCountry "EST"]
[SourceTitle "EXT 2007"]
[Source "ChessBase"]
[SourceDate "2006.11.23"]
[SourceVersion "1"]
[SourceVersionDate "2006.11.23"]
[SourceQuality "1"]
[WhiteTeam "Narva Maletaht"]
[BlackTeam "Vabaettur"]
[WhiteTeamCountry "EST"]
[BlackTeamCountry "EST"]

1. Nf3 d5 2. b3 Nf6 3. Bb2 Bg4 4. e3 Nbd7 5. Be2 c6 6. h3 Bxf3 7. Bxf3 e5 8. d3 Bb4+ 9. Nd2 0-0 10. a3 Ba5 11. 0-0 Re8 12. e4 dxe4 13. dxe4 Bc7 14. Nc4 Nc5 15. Qe2 Ne6 16. g3 Nd4 17. Bxd4 exd4 18. Rae1 b5 19. Nb2 Qd7 20. Bg2 Bd6 21. b4 a5 22. Nd3 axb4 23. axb4 Nd5 24. Qd2 Nc3 25. e5 Bf8 26. Ra1 Ra4 27. f4 Rea8 28. Rae1 Nd5 29. Bxd5 Qxd5 30. f5 Qc4 31. e6 Bxb4 32. exf7+ Kf8 33. Nxb4 Qxb4 34. Qe2 Kxf7 35. f6 d3 36. Qh5+ Kf8 37. fxg7+ Kg8 38. Qf7# 1-0

[Event "EST-chT 20th"]
[Site "Tallinn "]
[Date "2005.03.21"]
[Round "6"]
[White "Kanep, Meelis"]
[Black "Kovaljov, Denis"]
[Result "1/2-1/2"]
[WhiteElo "2474"]
[BlackElo "2264"]
[PlyCount "38"]
[EventDate "2005.03.17"]
[EventType "team-tourn"]
[EventRounds "7"]
[EventCountry "EST"]
[SourceTitle "EXT 2016"]
[Source "ChessBase"]
[SourceDate "2015.10.08"]
[SourceVersion "1"]
[SourceVersionDate "2015.10.08"]
[SourceQuality "1"]

1. d4 Nf6 2. c4 e6 3. Nc3 d5 4. cxd5 exd5 5. Bg5 Be7 6. e3 0-0 7. Bd3 Nbd7 8. Nf3 b6 9. 0-0 Bb7 10. Rc1 c5 11. dxc5 bxc5 12. Bb1 Re8 13. h3 Qb6 14. b3 Qa5 15. Qd2 d4 16. Nd5 Qxd2 17. Nxe7+ Rxe7 18. Nxd2 h6 19. Bxf6 Nxf6 1/2-1/2

[Event "EST-chT 20th"]
[Site "Tallinn "]
[Date "2005.03.21"]
[Round "7"]
[White "Kovaljov, Denis"]
[Black "Shishkov, Andrei"]
[Result "0-1"]
[WhiteElo "2264"]
[BlackElo "2364"]
[PlyCount "110"]
[EventDate "2005.03.17"]
[EventType "team-tourn"]
[EventRounds "7"]
[EventCountry "EST"]
[SourceTitle "EXT 2016"]
[Source "ChessBase"]
[SourceDate "2015.10.08"]
[SourceVersion "1"]
[SourceVersionDate "2015.10.08"]
[SourceQuality "1"]

1. d4 d5 2. Nf3 Bf5 3. c4 e6 4. cxd5 exd5 5. Nc3 c6 6. Bf4 Bd6 7. Bxd6 Qxd6 8. e3 Nd7 9. Bd3 Ne7 10. Bxf5 Nxf5 11. Qd3 Qg6 12. 0-0 0-0 13. Ne2 Ng3 14. Qxg6 Nxe2+ 15. Kh1 hxg6 16. Rfe1 Nxd4 17. Nxd4 Rfd8 18. Rac1 Rac8 19. Red1 Ne5 20. Rd2 Nc4 21. Rdc2 c5 22. Nf3 b6 23. Kg1 Nd6 24. Kf1 Ne4 25. h4 Kf8 26. Rd1 Rd6 27. Nd2 Rcd8 28. Nxe4 dxe4 29. Rxd6 Rxd6 30. Ke2 f5 31. Rc4 a6 32. f3 exf3+ 33. gxf3 Ke7 34. Rc1 Rd5 35. Rg1 Kf6 36. Rc1 g5 37. hxg5+ Kxg5 38. e4 fxe4 39. fxe4 Rd4 40. Ke3 Rb4 41. b3 a5 42. Rg1+ Kf6 43. Rf1+ Ke5 44. Rf5+ Ke6 45. Rg5 a4 46. bxa4 Rxa4 47. Rg6+ Ke5 48. Rg5+ Kf6 49. Rg2 g5 50. Rf2+ Ke6 51. Rf5 Ra3+ 52. Kd2 Rxa2+ 53. Kd3 g4 54. Rg5 g3 55. Kc4 g2 0-1

[Event "EST-chT 20th"]
[Site "Tallinn "]
[Date "2005.03.20"]
[Round "5"]
[White "Leito, Priit"]
[Black "Kovaljov, Denis"]
[Result "1/2-1/2"]
[WhiteElo "2350"]
[BlackElo "2264"]
[PlyCount "25"]
[EventDate "2005.03.17"]
[EventType "team-tourn"]
[EventRounds "7"]
[EventCountry "EST"]
[SourceTitle "EXT 2016"]
[Source "ChessBase"]
[SourceDate "2015.10.08"]
[SourceVersion "1"]
[SourceVersionDate "2015.10.08"]
[SourceQuality "1"]

1. e4 e6 2. d4 d5 3. e5 c5 4. c3 Qb6 5. Nf3 Bd7 6. a3 Nc6 7. b4 cxd4 8. cxd4 Rc8 9. Bb2 Na5 10. Nbd2 Nc4 11. Nxc4 dxc4 12. Rc1 Qa6 13. d5 1/2-1/2

[Event "EST-chT final"]
[Site "Estonia"]
[Date "2003.??.??"]
[Round "?"]
[White "Kovaljov, Denis"]
[Black "Karjakin, Sergei"]
[Result "1-0"]
[WhiteElo "2249"]
[BlackElo "2189"]
[PlyCount "103"]
[EventDate "2003.??.??"]
[EventType "team"]
[EventRounds "5"]
[EventCountry "EST"]
[SourceTitle "EXT 2007"]
[Source "ChessBase"]
[SourceDate "2006.11.23"]
[SourceVersion "1"]
[SourceVersionDate "2006.11.23"]
[SourceQuality "1"]

1. d4 Nf6 2. Nf3 g6 3. Bg5 Bg7 4. Nbd2 d6 5. e4 0-0 6. c3 c5 7. dxc5 dxc5 8. Bc4 h6 9. Be3 Qc7 10. h3 Rd8 11. Qc2 b6 12. g4 Nc6 13. 0-0-0 Na5 14. Be2 Bb7 15. g5 hxg5 16. Nxg5 Rac8 17. h4 b5 18. h5 Nxh5 19. Bxh5 gxh5 20. Rxh5 e5 21. Rg1 Rd6 22. Qd1 Rg6 23. Rhh1 Rd8 24. Qh5 Rdd6 25. Ngf3 Nc4 26. Nxc4 bxc4 27. Nxe5 Bxe5 28. f4 Bg7 29. f5 Rxg1+ 30. Rxg1 Kf8 31. Rxg7 Kxg7 32. e5 Qc6 33. exd6 Qxd6 34. Qg5+ Kf8 35. f6 Qd5 36. Bxc5+ Ke8 37. Qxd5 Bxd5 38. Bxa7 Kd7 39. Bc5 Kc6 40. Be7 Kb5 41. Kd2 Ka4 42. Ke3 Kb5 43. Kd4 Be6 44. Bd8 Kc6 45. a4 Kd7 46. Ba5 Kc6 47. Bb4 Kb6 48. Ke5 Bh3 49. Kd6 Bg4 50. Kd5 Be6+ 51. Kd4 Kc6 52. Bc5 1-0

[Event "EST-chT"]
[Site "Parnu"]
[Date "2002.03.10"]
[Round "4"]
[White "Kovaljov, Denis"]
[Black "Sepp, Olav"]
[Result "1/2-1/2"]
[WhiteElo "2244"]
[BlackElo "2460"]
[PlyCount "70"]
[EventDate "2002.03.08"]
[EventType "team-tourn"]
[EventRounds "10"]
[EventCountry "EST"]
[SourceTitle "CBM 087 Extra"]
[Source "ChessBase"]
[SourceDate "2002.05.03"]
[SourceVersion "2"]
[SourceVersionDate "2002.08.09"]
[SourceQuality "1"]

1. d4 Nf6 2. Nf3 g6 3. Bg5 Bg7 4. e3 0-0 5. Nbd2 d6 6. Bc4 Nbd7 7. 0-0 b6 8. e4 e5 9. dxe5 dxe5 10. Bd5 Rb8 11. Nc4 Qe7 12. Ne3 Nc5 13. b4 Ne6 14. Bh4 Qxb4 15. Nxe5 Nxd5 16. Nxd5 Qxe4 17. Nf6+ Bxf6 18. Bxf6 Qf4 19. Qf3 Qxf3 20. Nxf3 b5 21. a4 b4 22. Rfd1 Re8 23. h4 h6 24. Ne5 c5 25. Ng4 h5 26. Be5 hxg4 27. Bxb8 a6 28. Be5 Bb7 29. Re1 a5 30. Rad1 Bc6 31. Rd2 c4 32. Bf6 c3 33. Rde2 Bxa4 34. Ra1 Bc6 35. Rxa5 Bxg2 1/2-1/2

[Event "EST-chT"]
[Site "Parnu/Tallinn"]
[Date "2001.04.06"]
[Round "?"]
[White "Kovaljov, Denis"]
[Black "Tarakanov, Oleg"]
[Result "1/2-1/2"]
[WhiteElo "2200"]
[BlackElo "2155"]
[PlyCount "80"]
[EventDate "2001.04.06"]
[EventType "team"]
[EventRounds "8"]
[EventCountry "EST"]
[SourceTitle "CBM 081 Extra"]
[Source "ChessBase"]
[SourceDate "2001.05.06"]
[SourceVersion "1"]
[SourceVersionDate "2001.05.06"]
[SourceQuality "1"]

1. d4 d5 2. Nf3 Nf6 3. Bg5 c6 4. c3 Qb6 5. Qb3 Bf5 6. e3 Nbd7 7. Be2 Ne4 8. Bf4 f6 9. h4 e6 10. h5 Bd6 11. Bxd6 Qxb3 12. axb3 Nxd6 13. Nh4 Bxb1 14. Rxb1 0-0 15. Bd3 Rae8 16. Kd2 f5 17. f4 Rf6 18. Nf3 Rh6 19. Rh3 Nf6 20. Rbh1 Nde4+ 21. Bxe4 Nxe4+ 22. Ke1 a6 23. Ng5 Nf6 24. Nf3 Kf8 25. Ne5 Ra8 26. Rh4 a5 27. g4 fxg4 28. Nxg4 Nxg4 29. Rxg4 a4 30. bxa4 Rxa4 31. Kd2 b6 32. Rg5 Ra2 33. Kc2 Ra7 34. Rhg1 Rf6 35. Kd3 Rff7 36. c4 Ra2 37. R1g2 Ra1 38. Rc2 Rf6 39. Rcg2 Rf7 40. Rc2 Rf6 1/2-1/2

[Event "Hallsberg op U18"]
[Site "Hallsberg"]
[Date "2000.12.29"]
[Round "2"]
[White "Kovaljov, Denis"]
[Black "Rasic, Damir"]
[Result "1-0"]
[WhiteElo "2247"]
[BlackElo "2252"]
[PlyCount "82"]
[EventDate "2000.12.28"]
[EventType "swiss"]
[EventRounds "9"]
[EventCountry "SWE"]
[SourceTitle "EXT 2002"]
[Source "ChessBase"]
[SourceDate "2001.11.25"]
[SourceVersion "1"]
[SourceVersionDate "2001.11.25"]
[SourceQuality "1"]

1. d4 Nf6 2. Nf3 g6 3. Bg5 Bg7 4. Nbd2 d5 5. e3 Nbd7 6. Be2 0-0 7. 0-0 c5 8. c3 b6 9. b4 Bb7 10. bxc5 bxc5 11. Qa4 Ne8 12. Rab1 Nd6 13. Qa3 Rc8 14. Bf4 Bc6 15. Ba6 Ra8 16. dxc5 Nf5 17. Nd4 Nxd4 18. cxd4 e5 19. dxe5 Nxe5 20. Bxe5 Bxe5 21. Nf3 Bc7 22. Bb7 Bxb7 23. Rxb7 a6 24. Rd1 Qe7 25. g3 Rfd8 26. Nd4 Rd7 27. Qa4 h5 28. Nf3 Qe6 29. Kg2 Kg7 30. c6 Re7 31. Qd4+ Kg8 32. Qxd5 Qf6 33. Qg5 Qe6 34. Qc5 Rc8 35. Ng5 Qf6 36. h4 Re5 37. Qc4 Re7 38. Rd7 Kg7 39. Rxe7 Qxe7 40. Qd4+ Qf6 41. Qd7 Qf5 1-0

[Event "EST-ch"]
[Site "Tallinn"]
[Date "2000.05.03"]
[Round "5"]
[White "Kovaljov, Denis"]
[Black "Seeman, Tarvo"]
[Result "0-1"]
[WhiteElo "2275"]
[BlackElo "2428"]
[PlyCount "94"]
[EventDate "2000.04.27"]
[EventType "tourn"]
[EventRounds "9"]
[EventCountry "EST"]
[EventCategory "7"]
[SourceTitle "CBM 075 Extra"]
[Source "ChessBase"]
[SourceDate "2000.05.11"]
[SourceVersion "2"]
[SourceVersionDate "2000.05.11"]
[SourceQuality "1"]

1. d4 Nf6 2. Nf3 g6 3. Bg5 Bg7 4. Nbd2 d6 5. c3 0-0 6. e3 Nbd7 7. Bc4 h6 8. Bh4 Qe8 9. Qc2 Kh8 10. 0-0-0 e5 11. dxe5 dxe5 12. e4 Nh5 13. g4 Nf4 14. g5 h5 15. Bg3 Nb6 16. Bxf4 exf4 17. Bd3 Na4 18. Rhe1 Nc5 19. Bf1 a5 20. Nd4 Bd7 21. N2f3 b5 22. Nf5 Be6 23. Nxg7 Kxg7 24. c4 b4 25. Qd2 Rd8 26. Qxf4 Rxd1+ 27. Rxd1 Bg4 28. Rd4 Kg8 29. Qe5 Ne6 30. Rd3 Qa4 31. Ne1 Qxa2 32. f3 Qxc4+ 33. Kd2 Nc5 34. fxg4 Nxe4+ 35. Ke2 Nc5 36. gxh5 Nxd3 37. Nxd3 Qg4+ 38. Kf2 Qxh5 39. Nc5 Qh8 40. Qxh8+ Kxh8 41. Bc4 Kg7 42. b3 Re8 43. Kf3 Re1 44. h4 Kf8 45. Nb7 Ra1 46. Nd8 a4 47. bxa4 b3 0-1

[Event "EST-ch 1 league"]
[Site "Estonia"]
[Date "2000.??.??"]
[Round "?"]
[White "Kovaljov, Denis"]
[Black "Korstin, Maris"]
[Result "1-0"]
[WhiteElo "2275"]
[BlackElo "2219"]
[PlyCount "115"]
[EventDate "2000.??.??"]
[EventType "swiss"]
[EventRounds "7"]
[EventCountry "EST"]
[SourceTitle "EXT 2003"]
[Source "ChessBase"]
[SourceDate "2002.11.25"]
[SourceVersion "1"]
[SourceVersionDate "2002.11.25"]
[SourceQuality "1"]

1. d4 d5 2. Nf3 Nf6 3. Bg5 h6 4. Bh4 c6 5. e3 Bf5 6. Bd3 e6 7. 0-0 Be7 8. Bxf5 exf5 9. Bxf6 Bxf6 10. Qd3 g6 11. c4 dxc4 12. Qxc4 0-0 13. Nc3 Nd7 14. b4 Rc8 15. Qb3 Bg7 16. Rac1 Qf6 17. Na4 b6 18. Rc2 Rfd8 19. Rfc1 Bf8 20. Nb2 c5 21. Nd3 Rb8 22. Nfe5 Nxe5 23. Nxe5 h5 24. b5 Rb7 25. Nc6 Re8 26. Qd5 Rc7 27. Rd1 a6 28. a4 axb5 29. axb5 Ra8 30. Ne7+ Qxe7 31. Qxa8 c4 32. Rdc1 Qb4 33. Qb8 Qd6 34. g3 c3 35. f3 h4 36. Kf2 hxg3+ 37. hxg3 f4 38. gxf4 Qe7 39. Rxc3 Qh4+ 40. Ke2 Qh2+ 41. Kd3 Rxc3+ 42. Rxc3 Qb2 43. Qc8 Qxb5+ 44. Qc4 Qb1+ 45. Rc2 b5 46. Qa2 Qf1+ 47. Ke4 Qh3 48. Qd5 b4 49. Rc7 Qh7 50. Rb7 Qg7 51. Kd3 Qf6 52. Kc2 Qg7 53. Qe5 Qh7 54. Qf6 g5+ 55. e4 g4 56. Rb5 Qh2+ 57. Kb3 Bh6 58. Rb8+ 1-0

[Event "EST-ch 1 league"]
[Site "Estonia"]
[Date "2000.??.??"]
[Round "?"]
[White "Kovaljov, Denis"]
[Black "Zjukin, Sergei"]
[Result "1/2-1/2"]
[WhiteElo "2275"]
[BlackElo "2390"]
[PlyCount "20"]
[EventDate "2000.??.??"]
[EventType "swiss"]
[EventRounds "7"]
[EventCountry "EST"]
[SourceTitle "EXT 2003"]
[Source "ChessBase"]
[SourceDate "2002.11.25"]
[SourceVersion "1"]
[SourceVersionDate "2002.11.25"]
[SourceQuality "1"]

1. d4 Nf6 2. Nf3 g6 3. Bg5 Bg7 4. Nbd2 c5 5. e3 b6 6. c3 Bb7 7. Bc4 0-0 8. 0-0 d5 9. Be2 Nbd7 10. a4 Qe8 1/2-1/2

[Event "Tallinn m"]
[Site "Tallinn"]
[Date "2000.??.??"]
[Round "?"]
[White "Melderis, Uldis"]
[Black "Kovaljov, Denis"]
[Result "1/2-1/2"]
[WhiteElo "2011"]
[BlackElo "2275"]
[PlyCount "110"]
[EventDate "2000.??.??"]
[EventType "match"]
[EventRounds "1"]
[EventCountry "EST"]
[SourceTitle "EXT 2001"]
[Source "ChessBase"]
[SourceDate "2000.11.22"]
[SourceVersion "1"]
[SourceVersionDate "2000.11.22"]
[SourceQuality "1"]

1. d4 g6 2. c4 Bg7 3. Nc3 d6 4. e4 Nd7 5. f3 e5 6. Be3 Ne7 7. Qd2 exd4 8. Bxd4 Nf6 9. Bd3 Nc6 10. Be3 Nd7 11. Nge2 Nde5 12. b3 h5 13. 0-0 h4 14. Rad1 Be6 15. c5 dxc5 16. Bxc5 Qxd3 17. Qxd3 Nxd3 18. Rxd3 Rh5 19. Bf2 Ne5 20. Rdd1 h3 21. Nf4 Nxf3+ 22. gxf3 Rg5+ 23. Bg3 Bxc3 24. Kf2 Ba5 25. Nxe6 fxe6 26. f4 Rc5 27. Kf3 Rc2 28. Rd3 Rd8 29. Rxd8+ Kxd8 30. Rf2 Rc3+ 31. Kg4 Re3 32. e5 b5 33. Kxh3 c5 34. Kg4 c4 35. bxc4 bxc4 36. Kg5 c3 37. Kxg6 Rd3 38. f5 exf5 39. Bf4 Bb6 40. Re2 Ba5 41. Kxf5 Rd2 42. Re4 c2 43. Rc4 Rf2 44. Ke4 Rxf4+ 45. Kxf4 c1Q+ 46. Rxc1 Bd2+ 47. Kf5 Bxc1 48. Kf6 Kd7 49. h4 Ke8 50. Ke6 Be3 51. Kf6 Bf2 52. h5 Be3 53. Ke6 Bf4 54. Kf5 Bd2 55. Ke6 Be3 1/2-1/2

[Event "Hallsberg op U18"]
[Site "Hallsberg"]
[Date "2000.??.??"]
[Round "1"]
[White "Mohammadi, Amir"]
[Black "Kovaljov, Denis"]
[Result "1-0"]
[WhiteElo "2087"]
[BlackElo "2247"]
[PlyCount "83"]
[EventDate "2000.12.28"]
[EventType "swiss"]
[EventRounds "9"]
[EventCountry "SWE"]
[SourceTitle "EXT 2002"]
[Source "ChessBase"]
[SourceDate "2001.11.25"]
[SourceVersion "1"]
[SourceVersionDate "2001.11.25"]
[SourceQuality "1"]

1. e4 e6 2. d4 d5 3. Nc3 Nf6 4. Bg5 Be7 5. e5 Nfd7 6. Bxe7 Qxe7 7. Nf3 a6 8. Be2 c5 9. dxc5 Nc6 10. Na4 0-0 11. 0-0 Nxc5 12. c4 Nxa4 13. Qxa4 d4 14. Rad1 Rd8 15. Bd3 f5 16. a3 Bd7 17. Qc2 Be8 18. Rfe1 Bh5 19. Be2 a5 20. Rd3 Bg6 21. Qd2 Qc5 22. Bd1 a4 23. Ng5 Qxc4 24. b3 Qd5 25. bxa4 Nxe5 26. Bb3 Nc4 27. Qa2 Rac8 28. Nf3 b5 29. Rxd4 Qc5 30. Rxd8+ Rxd8 31. axb5 Nxa3 32. Bxe6+ Kh8 33. Bf7 Nc2 34. Rb1 Bxf7 35. Qxf7 Qxb5 36. Rf1 Nb4 37. Ng5 Qe8 38. Qb7 Nd5 39. Nf7+ Kg8 40. Nxd8 Nf4 41. Qb3+ Kf8 42. Qb4+ 1-0

[Event "Chigorin Memorial 07th"]
[Site "St Petersburg"]
[Date "1999.11.10"]
[Round "9"]
[White "Kovaljov, Denis"]
[Black "Doroshkievich, Vladimir K"]
[Result "0-1"]
[WhiteElo "2270"]
[BlackElo "2400"]
[PlyCount "118"]
[EventDate "1999.11.02"]
[EventType "swiss"]
[EventRounds "9"]
[EventCountry "RUS"]
[SourceTitle "CBM 074"]
[Source "ChessBase"]
[SourceDate "2000.02.01"]
[SourceVersion "1"]
[SourceVersionDate "2000.02.01"]
[SourceQuality "1"]

1. d4 d5 2. Nf3 c6 3. c3 Bf5 4. Bf4 e6 5. e3 Nd7 6. Bd3 Bg6 7. Bxg6 hxg6 8. Nbd2 Ngf6 9. h3 Qb6 10. Qb3 Be7 11. Ne5 Qa6 12. c4 dxc4 13. Ndxc4 Nd5 14. Nxd7 Kxd7 15. 0-0 Nxf4 16. exf4 Rad8 17. Ne5+ Ke8 18. Rfe1 Qb6 19. Qxb6 axb6 20. Red1 Rh4 21. g3 Rxh3 22. a4 Rd5 23. Nc4 Bd8 24. Ra3 Rdh5 25. Kg2 g5 26. f5 Rh2+ 27. Kf1 Rh1+ 28. Ke2 Rxd1 29. Kxd1 exf5 30. Nd6+ Kd7 31. Nxf7 Bf6 32. Ne5+ Ke6 33. Rb3 b5 34. axb5 c5 35. Ra3 cxd4 36. Nd3 Kd5 37. Ra7 Kc4 38. Ke2 b6 39. Rd7 Rh8 40. Rd6 Rb8 41. Kd2 f4 42. gxf4 gxf4 43. Kc2 Re8 44. b3+ Kxb5 45. Rd5+ Kc6 46. Rf5 Kd6 47. Rb5 Rc8+ 48. Kd2 Kc6 49. Rf5 Kd7 50. Rb5 f3 51. Rf5 Rc3 52. Rxf3 Kd6 53. b4 Kd5 54. Rf5+ Kc4 55. Nb2+ Kb3 56. Nd3 Rc2+ 57. Kd1 Kc3 58. Ne1 Rd2+ 59. Kc1 Ra2 0-1

[Event "Chigorin Memorial 07th"]
[Site "St Petersburg"]
[Date "1999.11.06"]
[Round "5"]
[White "Kovaljov, Denis"]
[Black "Yagupov, Igor"]
[Result "0-1"]
[WhiteElo "2270"]
[BlackElo "2449"]
[PlyCount "90"]
[EventDate "1999.11.02"]
[EventType "swiss"]
[EventRounds "9"]
[EventCountry "RUS"]
[SourceTitle "CBM 074"]
[Source "ChessBase"]
[SourceDate "2000.02.01"]
[SourceVersion "1"]
[SourceVersionDate "2000.02.01"]
[SourceQuality "1"]

1. Nf3 d5 2. g3 Bg4 3. Bg2 Nd7 4. 0-0 Ngf6 5. d3 e5 6. c3 c6 7. Qc2 Be7 8. Nbd2 0-0 9. e4 dxe4 10. dxe4 a5 11. Re1 Qc7 12. Nc4 Rfd8 13. Ne3 Bh5 14. Nf5 Bf8 15. h3 Ne8 16. g4 Bg6 17. N3h4 Nc5 18. Be3 Rd7 19. Bf3 Rad8 20. Red1 Nd3 21. Be2 Nf4 22. Bf1 Nf6 23. f3 Ne6 24. Bc4 Nf4 25. Bf1 Rxd1 26. Rxd1 Rxd1 27. Qxd1 Nd7 28. Kh2 Bc5 29. Qd2 Bxe3 30. Qxe3 b5 31. Qd2 Bxf5 32. Nxf5 g6 33. Ne3 Nc5 34. Kg3 h5 35. g5 h4+ 36. Kxh4 Qe7 37. Ng4 Nh5 38. Qh2 Nd7 39. Nh6+ Kg7 40. Nf5+ gxf5 41. Kxh5 Qe6 42. Qe2 f4 43. Qd3 Qg6+ 44. Kh4 Nf6 45. gxf6+ Kh6 0-1